Statistics for Super Smash Bros. Ultimate Characters by Series

Click here to take the quiz!

General Stats

  • This quiz has been taken 250 times
    (130 since last reset)
  • The average score is 77 of 84

Answer Stats

SeriesCharacter% Correct
Super MarioMario
100%
Donkey KongDonkey Kong
99%
The Legend of ZeldaLink
99%
Super MarioLuigi
99%
Super MarioBowser
98%
Donkey KongDiddy Kong
98%
Super MarioPeach
98%
The Legend of ZeldaZelda
98%
Super MarioDaisy
97%
Star FoxFox
97%
KirbyKirby
97%
PokémonPikachu
97%
PokémonPokémon Trainer
97%
MetroidSamus
97%
Sonic the HedgehogSonic
97%
YoshiYoshi
97%
Banjo-KazooieBanjo & Kazooie
95%
F-ZeroCaptain Falcon
95%
Duck HuntDuck Hunt
95%
MiiMii Fighters
95%
Pac-ManPac-Man
95%
R.O.B.R.O.B.
95%
Animal CrossingVillager
95%
Wii FitWii Fit Trainer
95%
MetroidDark Samus
94%
Star FoxFalco
94%
Ice ClimberIce Climbers
94%
KirbyKing Dedede
94%
KirbyMeta Knight
94%
PokémonMewtwo
94%
EarthboundNess
94%
PokémonPichu
94%
The Legend of ZeldaSheik
94%
The Legend of ZeldaToon Link
94%
Wario WareWario
94%
Star FoxWolf
94%
The Legend of ZeldaYoung Link
94%
BayonettaBayonetta
93%
Kid IcarusDark Pit
93%
SplatoonInkling
93%
Street FighterKen
93%
Fire EmblemMarth
93%
Mega ManMega Man
93%
Game & WatchMr. Game & Watch
93%
PikminOlimar
93%
Kid IcarusPit
93%
MetroidRidley
93%
Kingdom HeartsSora
93%
MinecraftSteve / Alex
93%
Super MarioBowser Jr.
92%
Final FantasyCloud
92%
The Legend of ZeldaGanondorf
92%
PersonaJoker
92%
Donkey KongKing K. Rool
92%
PokémonLucario
92%
CastlevaniaSimon
92%
Metal Gear SolidSnake
92%
Animal CrossingIsabelle
91%
Punch-Out!!Little Mac
91%
Street FighterRyu
91%
Fire EmblemIke
90%
Super MarioRosalina & Luma
90%
MetroidZero Suit Samus
90%
PokémonGreninja
88%
Dragon QuestHero
88%
EarthboundLucas
88%
Fire EmblemLucina
88%
Xenoblade ChroniclesPyra / Mythra
88%
Final FantasySephiroth
88%
Xenoblade ChroniclesShulk
88%
Fire EmblemChrom
87%
PokémonJigglypuff
87%
Kid IcarusPalutena
87%
CastlevaniaRichter
87%
Fire EmblemRobin
86%
Fire EmblemRoy
86%
Super MarioDr. Mario
85%
PokémonIncineroar
85%
Super MarioPiranha Plant
85%
Fatal FuryTerry
85%
ARMSMin Min
84%
Fire EmblemByleth
83%
Fire EmblemCorrin
81%
TekkenKazuya
81%

Score Distribution

Percentile by Number Answered

Percent of People with Each Score

Your Score History

You have not taken this quiz since the last reset